000 00850nam a22001337a 4500
040 _cRUA
082 _aAVM NGI 2012 B100 Or.1
100 _aNGIEP, CHANNAVUTH.
245 _aDigestibility of local yellow cattle fed cassava root chips and fresh cassava foliage supplemented either urea or potassium nitrate, លទ្ធភាពនៃការរំលាយអាហាររបស់គោពូជក្នុងស្រុកដោយប្រើប្រាស់ចំណិតដំឡូងមី ន្ិងស្លឹកដំឡូងមីស្រស់បន្ថែមអ៊ុយរ៉េ ឬប៉ូតាស្យូមនីត្រាត.
260 _aphnom phen
_bRUA
_c2012
300 _aVIII,41p.
_bill.
_c29cm.
856 _uhttps://drive.google.com/file/d/1zWHWz7RcX3iPABgLF-uzhBq5c3djs9D7/view?usp=sharing
942 _cAVM
999 _c2508
_d2508